Normal view
MARC view
- ELECTRIC APPARATUS AND APPLICATIONS ELECTRONIC APPARATUS AND APPLICATIONS
Entry Topical Term
001 - CONTROL NUMBER
- control field: 78384
003 - CONTROL NUMBER IDENTIFIER
- control field: NUST
005 - DATE AND TIME OF LATEST TRANSACTION
- control field: 20210628210156.0
008 - FIXED-LENGTH DATA ELEMENTS
- fixed length control field: 210628|| aca||aabn | a|a d
040 ## - CATALOGING SOURCE
- Original cataloging agency: NUST
- Transcribing agency: NUST
150 ## - HEADING--TOPICAL TERM
- Topical term or geographic name entry element: ELECTRIC APPARATUS AND APPLICATIONS ELECTRONIC APPARATUS AND APPLICATIONS
670 ## - SOURCE DATA FOUND
- Source citation: Work cat.: (NUST): GOURLEY, R.,YEAGER, D. A 78383, INTRODUCTION TO ELECTRON AND ELECTROMECHANICAL DEVICES, 1976
